| 000 | 01146cam a22003737a 4500 | ||
|---|---|---|---|
| 003 | CHAP | ||
| 005 | 20220817040903.0 | ||
| 008 | 971013s1990 it r 00010 spa d | ||
| 010 | _a2145 | ||
| 011 | _a3117 | ||
| 035 | _a2317 | ||
| 040 | _cCHAP | ||
| 082 |
_a639.2 _bF3 v.303 |
||
| 110 | _aFAO | ||
| 245 | 1 | 0 | _aGuía de campo sobre los tipos de insectos y de ácaros que infestan el pescado curado |
| 260 |
_aRoma : _bFAO, _c1990 |
||
| 300 |
_a29 p. : _bilus. |
||
| 410 | _aFAO | ||
| 490 | 0 |
_aDocumento técnico de pesca _v; 303 |
|
| 590 |
_aBATCH-UPD _b10 _c20130110 _lUCH01 _h1458 |
||
| 590 |
_aBATCH-UPD _b10 _c20130410 _lUCH01 _h0921 |
||
| 590 |
_aBATCH-UPD _b10 _c20130914 _lUCH01 _h1212 |
||
| 590 |
_aCONVERSION _b10 _c20130109 _lUCH01 _h1302 |
||
| 650 | 1 | 4 | _aÁcaros. |
| 650 | 1 | 4 |
_aInsectos _xParásitos y predatores. _958939 |
| 650 | 1 | 4 |
_aPescado ahumado. _987463 |
| 700 | 0 |
_aHaines, C. P. _952251 |
|
| 700 | 0 |
_aRees, D. P. _995437 |
|
| 810 | 0 | _aFAO | |
| 830 | 0 | 0 |
_aDocumento técnico de pesca _v; 303 _933242 |
| 901 | _aBK | ||
| 942 | _cLIBRO | ||
| 949 |
_a639.2 F3 v.303 _bBC _cLIBRO _d33724002234660 _eLIBRO _gDonaciØ _h79616 _i2317 _si |
||
| 999 |
_c2145 _d2145 |
||